00362nam a2200157Ia 4500003000900000005001700009008004100026040001300067040001300080041000800093100001600101100001000117245006300127300000800190490000600198IT-RoPAU20220918175606.0120407s9999 xx 000 0 und d aIT-RoPAU cIT-RoPAU aita aSanti Pesce cmons. aE’ possibile la visione beatifica in una anima viatrice? c cm v1